000 01357nam0a22002891 4500
001 rc\4646039
005 20130416201823.0
021 _aRU
_b[68-20893]
035 _a(NLR Aleph) 008688444
090 _a9223389
_c9223389
100 _a20130416d1968 |||y0rusy50 ca
101 0 _arus
102 _aRU
105 _ay z |||||
200 1 _aСоветско-чехословацкие отношения между двумя войнами. 1918-1939
_eИз истории гос., дипломат., экон. и культурных связей
_e[Сборник статей]
_fПод ред. С.И. Прасолова и П.И. Резонова
_g[АН СССР. Ин-т славяноведения. Чехословац. АН. Ин-т истории европ. соц. стран]
210 _aМосква
_cНаука
_d1968
215 _a228 с.
_d22
320 _aБиблиогр. в примеч. в конце статей
606 _aСоветско-чехословацкие отношения
_xИстория
_z1918-1939
_2psbo
702 1 _aПросолов
_bС. И.
_4340
702 1 _aРезонов
_bП. И.
_4340
712 0 2 _aИнститут славяноведения
_cМосква
_3RU\NLR\AUTH\889998985
801 0 _aRU
_bNLR
_gpsbo
801 1 _aRU
_bELAR
_2rusmarc
852 _aNLR
_j68-5/1671
942 _cBOOK
980 _aNB